00603nam a22002057a 450000500170000001000130001702000220003003500130005203700160006504000120008108200160009310000160010924500900012526000410021527000500025630000250030650000270033165000260035865000130038420170124110033.0 aA-682316 c00.00a8120714237 aA-682316 bCen Lib/Ret aDPLbEN a370.71bSIN aSingh, R. P aThe challenges of tomorrow :cby R. P. Singhba profile of future teacher education / aNew DelhibSterling Publishersc1993 aL-10, Green Park ExtensionbNew Delhie110016 aviii,166p.c21cm(Hb) aIncludes bibliography  aTeachers--Training of aTeaching